Paavien kotimaat - Statistics

Yleistilastot
  • Tätä visaa on pelattu 34 kertaa
    3 viimeisimmän päivityksen jälkeen
  • Keskiarvotulos 13 / 16
Vastaustilastot
Paavien määrä Vastaus % Oikein
1 Alankomaat
100%
2 Anatolia
100%
1 Argentiina
100%
1 Englanti
100%
2 Espanja
100%
217 Italia
100%
4 Kreikka
100%
2 Portugali
100%
1 Puola
100%
16 Ranska
100%
6 Saksa
100%
3 (maanosa) Afrikka
67%
2 Dalmatia
67%
1 Yhdysvallat
67%
3 Pyhä maa
33%
5 Bysantin valtakunta
0%
Ehtoja vastaavia visoja ei löytynyt
Tulosjakauma
Jokaisen tuloksen saaneiden osuus
Persentiili vastausten määrän mukaan
Tuloshistoriasi
Et ole pelannut tätä visaa sen viimeisimmän päivityksen jälkeen